000 00811nam a2200253Ia 4500
003 OSt
005 20220923222754.0
006 a|||||r|||| 00| 0
007 ta
008 220922b |||||||| |||| 00| 0 hin d
024 _a207,715
037 _cTextual
040 _aARTS
_cARTS
_bhin
041 _2hin
_ahin
082 _aO152,3NNA4,CS, M6
100 _aनाहर, यशंवत सिंह
_9156315
245 0 _aचालीस साल बाद
246 _aChālīs sāl bāda
260 _aजयपुर
_b देवनागर प्रका0
_c1986
300 _a278पृ.
_ccm.
650 _aहिन्दी साहित्य
_9156264
942 _hO152,3NNA4,CS, M6
_cTEXL
_2CC
999 _c358332
_d358332